La reforma al sistema escolar: aportes para el debate
Na minha lista:
| Principais autores: | , , , , , , , |
|---|---|
| Outros Autores: | , |
| Formato: | Livro |
| Idioma: | espanhol |
| Publicado em: |
Santiago
Universidad Diego Portales
2007
|
| Assuntos: | |
| Tags: |
Adicionar Tag
Sem tags, seja o primeiro a adicionar uma tag!
|
MARC
| LEADER | 00000nam a2200000 a 4500 | ||
|---|---|---|---|
| 001 | UCI2347 | ||
| 003 | CL-VaPUC | ||
| 008 | 070817e20070500CL |||||||||||||||||spa|d | ||
| 020 | |a 9789563140071 | ||
| 082 | 0 | 4 | |a 371.1 |b AYL |2 21 |
| 100 | 0 | |a Aylwin, Mariana |e author |9 523323 | |
| 700 | 0 | |a Beyer, Harald |e author |9 523324 | |
| 700 | 0 | |a Brunner, José Joaquín |e author |9 523325 | |
| 700 | 0 | |a Castro, Abelardo |e author |9 523326 | |
| 700 | 0 | |a Cox, Cristián |e author |9 523327 | |
| 700 | 0 | |a Fontaine, Loreto |e author |9 523328 | |
| 700 | |a Manzi Astudillo, Jorge Manuel |e autor |9 862328 | ||
| 700 | 0 | |a Mizala, Alejandra |e author |9 523330 | |
| 700 | |a Orrego Vicuña, Claudio |e autor |9 401892 | ||
| 700 | 0 | |a Peña, Carlos |e author |9 523332 | |
| 245 | 1 | 3 | |a La reforma al sistema escolar: aportes para el debate |
| 300 | |a 252 p | ||
| 942 | |c BK | ||
| 945 | |d 20070817 00:00:00 |a jtorresc | ||
| 260 | |a Santiago |b Universidad Diego Portales |c 2007 | ||
| 650 | 0 | |a Calidad de la educación |9 307271 | |
| 650 | 0 | |a Sistemas educacionales |9 324695 | |
| 650 | 0 | |a Cambio social |9 256857 | |
| 650 | 7 | |a REFORMA DE LA EDUCACION |2 CL-VaPUC |9 333471 | |
| 650 | 7 | |a CONDICION SOCIAL |2 CL-VaPUC |9 335103 | |
| 650 | 0 | |a Planificación de la educación |9 307333 | |
| 651 | 7 | |a CHILE |2 CL-VaPUC |9 523333 | |
| 583 | |a last modification |c 20070817 00:00:00 |k Rodrigo Vera | ||
| 999 | |c 326950 |d 326948 | ||
| 952 | |0 0 |1 0 |4 0 |6 371_100000000000000_AYL_2007 |7 0 |8 A |9 409240 |a BIBEDU |b BIBEDU |d 2019-11-22 |i 4364481 |o 371.1 AYL 2007 |p 4364481 |r 2019-11-22 |w 2019-11-22 |y BK |k EBA | ||
| 952 | |0 0 |1 0 |4 0 |6 371_100000000000000_AYL_2007 |7 0 |8 A |9 409241 |a BIBEDU |b BIBEDU |d 2019-11-22 |i 436449K |o 371.1 AYL 2007 |p 436449K |r 2019-11-22 |w 2019-11-22 |y BK |k EBA | ||
| 952 | |0 0 |1 0 |4 0 |6 371_100000000000000_AYL_2007 |7 0 |8 A |9 409242 |a BIBEDU |b BIBEDU |d 2019-11-22 |i 4548701 |o 371.1 AYL 2007 |p 4548701 |r 2019-11-22 |w 2019-11-22 |y BK |k EDU | ||